MDQL
is popping MORE tags! Check the
thread
!
Quizzes
Events
Quiz Creation
Community
Videos
Private Events
Remove Ads
Sign In
Join for FREE
Feedback
Dark Mode
Quiz Categories
Sports
Geography
Music
Movies
Television
Just For Fun
Miscellaneous
History
Literature
Language
Science
Gaming
Entertainment
Religion
Holiday
For Kids
Quiz Lab
Recent
Popular Today
Quiz Kudos Today
Editor Picks
Curator Picks
Quizzes by...
Day
Popularity
Type
Ratings
Length
Year
Community
Subscriptions
Recent Discussions
Orange Saloon
Badges
Playlists
Quests
Create
Leaderboards
Showdown
Live 5
Trivia Bingo
Activity
Puzzle Library
Sporcle Events
Private Events
Virtual Trivia
Globe League
Become a Host
Pub Owners
SporcleCon
Opinionation
Our Games
Videos
Blog
Mobile Apps
Partnerships
Remove Ads and Go Orange
Feedback
Music
Pop Music
The Beatles
Song
Album
Lyrics
Bands
Singers
Artist
Clip
Rock
Rap
Classical
Billboard
Country Music
Kpop
Taylor Swift
Music
Pop Music
The Beatles
Song
Album
Lyrics
Bands
Singers
Artist
Clip
Rock
Rap
Classical
Billboard
Country Music
Kpop
Taylor Swift
Random Quiz
Search Sporcle
×
Quiz Lab
Quiz Lab
Music
Album
Type in answers that appear in a list
Type in answers that appear in a list
Classic
Best Score? Go Orange.
Past Masters Songs Stats
Can you name the tracks from the Past Masters albums?
By
Shadowman621
5m
33 Questions
77 Plays
77 Plays
77 Plays
Comments
Comments
Give Quiz Kudos
Give Quiz Kudos
-
- Ratings
hide this ad
Replay
Link that replays current quiz
Next Quiz
Link to next quiz in quiz playlist
You Got
0%
They Got
Avg Score
81%
Avg Friend Score
Upgrade to see
Score Distribution
Jump to the score distribution portion of the page
Score
0/33
Timer
05:00
0
Plays Today
Volume
Track
% Correct
Volume 1
Sie Liebt Dich
100%
Volume 1
She Loves You
98.7%
Volume 1
I Want to Hold Your Hand
97.4%
Volume 1
Komm, Gib Mir Deine Hand
97.4%
Volume 2
Paperback Writer
94.8%
Volume 2
Hey Jude
94.8%
Volume 2
Old Brown Shoe
90.9%
Volume 1
From Me to You
89.6%
Volume 2
We Can Work It Out
89.6%
Volume 2
You Know My Name (Look Up the Number)
89.6%
Volume 2
Day Tripper
88.3%
Volume 2
Lady Madonna
88.3%
Volume 2
Don't Let Me Down
87%
Volume 1
I'm Down
84.4%
Volume 2
Rain
84.4%
Volume 2
The Ballad of John and Yoko
84.4%
Volume 2
The Inner Light
83.1%
Volume
Track
% Correct
Volume 2
Revolution
80.5%
Volume 1
Matchbox
77.9%
Volume 1
I Feel Fine
76.6%
Volume 1
This Boy
75.3%
Volume 1
She's a Woman
75.3%
Volume 1
Bad Boy
75.3%
Volume 1
Love Me Do
74%
Volume 1
Thank You Girl
74%
Volume 1
I'll Get You
72.7%
Volume 1
Yes It Is
72.7%
Volume 2
Let It Be
70.1%
Volume 1
Long Tall Sally
68.8%
Volume 1
I Call Your Name
62.3%
Volume 1
Slow Down
62.3%
Volume 2
Get Back
62.3%
Volume 2
Across the Universe
62.3%
Quiz Playlist
Details
Report
Send in Message
Add To Playlist
Classic:
Type in answers that appear in a list
Last Updated: Feb 16, 2017
Quiz Scoreboard
CHALLENGE
Sign Up to Join the Scoreboard
Show All
Scores
Hide
Comments
May contain spoilers
Recently Published
Street Fighter Characters
by Artimus82
Gaming
60s
9x9 Crossword: Cartoon Network
by jackfrog10
Miscellaneous
3m
College Basketball Coaching Resumes
by pancakes188
Sports
9m
More to Explore
Quiz From the Vault
Featured Blog Post
Where Did the Easter Bunny Come From?
hide this ad
You Might Also Like...
Tags
Album Quiz
Song Quiz
length
Master
past
Past Masters
track
Volume
Today's Top Quizzes in Music
Browse Music
hide this ad
Today's Top Quizzes in Album
Browse Album
Top Contributed Quizzes in Music
1
Taylor Swift All Songs (2024)
2
Taylor Swift Logic Puzzle
3
Guess the Artist- 70s Songs
4
7-to-1: Billboard Hot 100 #1 Hits of 2010s
5
Sorting Albums and Songs
6
KPOP LOGIC QUIZ
7
Guess the Taylor Swift song (Mystery Song)
8
Guess The Taylor Swift Lyrics Song #1
9
Billboard Blitz: ABBA
10
Billboard Blitz: The Beatles
Explore More
Trending Topics
Crossword
Marvel
Anime
Kpop
NBA
Harry Potter
Disney
Country
The Office
Pokémon
Soccer
Song
WWE
Puzzle
NFL
hide this ad
More By:
Shadowman621
Quiz
Plays
Rating
Category
Featured
Created
Figure Out the Beatles Lyrics XIV
68,396
4.52
Music
Jan 8, 2010
Beatles Songs (All Albums)
25,425
4.73
Music
May 5, 2011
Thomas The Tank Engine Characters
6,613
4.00
Television
Nov 5, 2009
Beatles songs opening lyrics
3,550
4.48
Music
Jan 15, 2010
Beatles Lyrics V
3,508
4.46
Music
Mar 8, 2010
Go to Creator's Profile
Score Distribution
Quiz Creator Spotlight
Shadowman621
Follow
Send a Message
Quizzes Created
-
Created Quiz Play Count
-
More By This Creator
Popular Quizzes Today
1
Find the US States - No Outlines Minefield
2
Find the Countries of Europe - No Outlines Minefield
3
The Countries of the World
4
Find the US States
5
Risky Map Clicking: Biggest States A-Z
6
US States
7
Popular People in 1961
8
Movies - When Are They Set?
More Music Quizzes
'Hello' Lyrics
Published
Trending Quizzes
Risky Map Clicking: Least Populous States A-Z
Countries of the World: 200 Million BC
Billboard Blitz: Aretha Franklin
1-10 Letter G Words
Famous Russians: Author or Composer?
Recently Updated
Leaping Animals
pecheneg
Reality TV Shows (A-Z)
bhenderson79
Rickey Henderson's Hall of Fame Teammates
pecheneg
Champions League XIs: Arsenal
pecheneg
Quick Pick: Celebrities in WWE's Hall of Fame
aduchscher
A-Z Keypad Blitz II
pecheneg
Multiple Oscar Actors
pecheneg
Mystery Phrase Blitz: Oscar 'Best Actors'
pecheneg
F. Scott Fitzgerald Novels
LTH
Pick 3 Villains
ddd62291
Trending Topics
Anime
Harry Potter
Kpop
NBA
Marvel
Crossword
Disney
WWE
Country
Song
NFL
Soccer
The Office
Puzzle
Pokémon
Your Account Isn't Verified!
In order to create a playlist on Sporcle, you need to verify the email address you used during registration. Go to your
Sporcle Settings
to finish the process.
Report this User
Report this user for behavior that violates our
Community Guidelines
.
Details:
Send Report
Go to the Sporcle.com Mobile Site →
Comments